000 00289nam a2200121Ia 4500
008 231129s9999||||xx |||||||||||||| ||spa||
040 _bspa
082 _a693.7 G258e
100 _aGatz Konrad
245 0 _aEdificios con estructuras metalicas
264 _aGustavo Gili
942 _2ddc
_cBKS
999 _c9955
_d9955